Novum organum

Đã lưu trong:
Chi tiết về thư mục
Tác giả chính: Bacon, Francis (Tác giả)
Định dạng: Sách
Ngôn ngữ:Tiếng Tây Ban Nha
Được phát hành: Buenos Aires Losada 1961
Phiên bản:2a. ed
Loạt:Biblioteca Filosófica
Những chủ đề:
Các nhãn: Thêm thẻ
Không có thẻ, Là người đầu tiên thẻ bản ghi này!

MARC

LEADER 00000nam a2200000 a 4500
001 UCZ3074
003 CL-VaPUC
008 951013e19610616AG |||||||||||||||||spa|d
082 0 4 |a 146.44  |b BAC  |2 21 
100 0 |a Bacon, Francis  |e author  |9 334502 
245 1 0 |a Novum organum 
250 |a 2a. ed 
300 |a 341 p 
942 |c BK 
945 |d 19951013 00:00:00  |a lriquelm 
260 |a Buenos Aires  |b Losada  |c 1961 
650 0 |a Positivismo  |9 269460 
650 0 |a Empirismo  |9 255037 
650 0 |a Ciencia  |9 255691 
650 0 |a Tecnología  |9 256742 
650 0 |a Cambio social   |9 256857 
650 0 |a Escuelas filosóficas   |9 266232 
650 0 |a Filosofía inglesa  |9 255676 
650 0 |a Investigación científica  |9 259857 
583 |a last modification  |c 19951013 00:00:00  |k Rodrigo Vera 
490 0 |a Biblioteca Filosófica 
999 |c 239603  |d 239601 
952 |0 0  |1 0  |4 0  |6 146_440000000000000_BAC_1961  |7 0  |8 A  |9 250869  |a BIBEDU  |b BIBEDU  |d 2019-11-18  |i 158376K  |o 146.44 BAC 1961  |p 158376K  |r 2019-11-18  |w 2019-11-18  |y BK  |k FIL 
952 |0 0  |1 0  |2 ddc  |4 0  |6 146_440000000000000_BAC_1961  |7 0  |8 A  |9 250870  |a BIBCUR  |b BIBCUR  |c PAC  |d 2019-11-18  |i 4532856  |o 146.44 BAC 1961  |p 4532856  |r 2025-04-22  |w 2019-11-18  |y BK  |k FIS